[Event "Challenge"]
[Site "http://www.queenalice.com/game.php?id=450182"]
[Date "2008.8.18"]
[Round "-"]
[White "momo"]
[Black "Ehhhhhrley"]
[Result "0-1"]
[WhiteElo "1313"]
[BlackElo "1427"]

1. e3 e5 2. d3 Nc6 3. Qf3 d6 4. b4 Nxb4 5. Qe2 Nf6 6. c3 Nc6 7. h3 Be6 8. g4 g5
9. Bg2 d5 10. e4 d4 11. Bxg5 h6 12. Bxf6 Qxf6 13. Nf3 O-O-O 14. O-O Bd7 15. cxd4
exd4 16. e5 Qf4 17. Nbd2 Bg7 18. Nc4 Rde8 19. Qb2 b6 20. Ncd2 Bxe5 21. Rfe1 Bd6
22. Qb5 Nb4 23. Qc4 Rxe1+ 24. Rxe1 Re8 25. Re4 Rxe4 26. dxe4 c5 27. a3 b5 28.
Qe2 d3 29. Qd1 Nc2 30. Qb1 f6 31. Qb2 c4 32. Qc3 Bc5 33. Qa5 Bd6 34. Qxa7 c3 35.
Nb3 d2 36. Qa8+ Bb8 37. Qd5 Ne1 38. Nfxd2 Qe5 39. Qg8+ Kb7 40. Qg7 Qd6 41. Qxh6
Nxg2 42. Kxg2 Qh2+ 43. Kf1 Qh1+ 44. Ke2 cxd2 45. Kxd2 Qf3 46. Nc5+ Kc6 47. Nd3
Kc7 48. Qf8 Ba7 49. Qa8 Bxf2 50. Qa5+ Bb6 51. Qc3+ Bc6 52. e5 Be3+ 53. Kc2 Qe2+
54. Kb3 Qd1+ 55. Kb4 Bd2 56. Qxd2 Qxd2+ 57. Kc5 Qxd3 58. exf6 Qd6# 0-1

[Event "Cha 01"]
[Site "http://www.queenalice.com/game.php?id=450352"]
[Date "2008.8.19"]
[Round "-"]
[White "Ehhhhhrley"]
[Black "grazo"]
[Result "0-1"]
[WhiteElo "1515"]
[BlackElo "1815"]

1. e4 e5 2. d4 c6 3. Nf3 d6 4. d5 c5 5. Bb5+ Nd7 6. Nc3 a6 7. Bxd7+ Bxd7 8. a4
Bg4 9. h3 Bd7 10. Bd2 f5 11. exf5 Bxf5 12. g4 Bg6 13. Bg5 Be7 14. h4 h6 15. Bxe7
Nxe7 16. h5 Bf7 17. Qd2 Qd7 18. Rg1 Ng8 19. O-O-O Nf6 20. Nh2 b5 21. b3 b4 22.
Ne2 Qb7 23. g5 Nxd5 24. Qd3 O-O-O 25. Qf5+ Kb8 26. g6 Be8 27. Rd3 Nf6 28. Qh3
Qc6 29. Ng4 Bd7 30. Qg2 Qxg2 31. Rxg2 Bxg4 32. f3 Bxh5 33. Ng3 Bxg6 34. Ne4 Nxe4
35. Rxg6 Nf6 36. Rxg7 Nh5 37. Rg1 Nf4 38. Re3 Rhg8 39. Rd1 h5 40. Rh1 Rg6 41.
Kb2 Rh6 42. c3 a5 43. Rc1 h4 44. cxb4 axb4 45. a5 h3 46. Rd1 h2 47. Rh1 Rh3 48.
a6 Rg8 49. Kc1 Rg1+ 50. Re1 Ne2+ 51. Kd2 Rxh1 52. Rxh1 Ng3 53. Rxh2 Rxh2+ 54.
Kd3 Ka7 55. Kc4 Kxa6 56. Kd5 Rd2+ 57. Ke6 Rd3 58. Kd7 e4 59. fxe4 Nxe4 60. Ke6
Rxb3 61. Kf5 d5 62. Ke5 Rd3 63. Kf5 b3 0-1

[Event "Challenge"]
[Site "http://www.queenalice.com/game.php?id=450354"]
[Date "2008.8.19"]
[Round "-"]
[White "Ehhhhhrley"]
[Black "Larbac"]
[Result "0-1"]
[WhiteElo "1630"]
[BlackElo "1500"]

1. e4 c5 2. d4 e6 3. e5 Nc6 4. d5 Nxe5 5. d6 h6 6. Qe2 Bxd6 7. Bf4 Qc7 8. Qe3
Nf6 9. h3 Nd5 10. Qe4 f5 11. Qa4 Nxf4 12. g3 Nd5 13. f4 Nc6 14. Bb5 Ncb4 15. a3
Nb6 16. Qb3 N4d5 17. a4 c4 18. Qf3 Nf6 19. c3 Nbd5 20. Qe2 Nb6 21. Na3 Bxa3 22.
Rxa3 O-O 23. a5 Qc5 24. Qe5 Nbd5 25. Ba4 b6 26. a6 Ne4 27. Qd4 Nxg3 28. Rh2 Nxf4
29. Qxc5 Nd3+ 30. Kd2 Ne4+ 31. Kc2 Ndxc5 32. b3 Nxa4 33. Rxa4 cxb3+ 34. Kb2 Nc5
35. Rb4 Bxa6 36. Rd2 Bb7 37. Ne2 e5 38. Nc1 a5 39. Rb5 a4 40. Rxb6 a3+ 41. Kb1
Be4+ 42. Ka1 Rfb8 43. Rxb8+ Rxb8 44. Nxb3 Nxb3+ 0-1

[Event "Challenge"]
[Site "http://www.queenalice.com/game.php?id=450456"]
[Date "2008.8.19"]
[Round "-"]
[White "fagoncalves"]
[Black "Ehhhhhrley"]
[Result "0-1"]
[WhiteElo "1475"]
[BlackElo "1581"]

1. d4 d6 2. e4 d5 3. exd5 Qxd5 4. c4 Qe4+ 5. Be3 e6 6. Bd3 Qxg2 7. Be4 Qxe4 8.
Nf3 Bb4+ 9. Nc3 Qf5 10. a3 Bxc3+ 11. bxc3 Nf6 12. Rg1 g6 13. Qd2 Qxf3 14. Qe2
Qxe2+ 15. Kxe2 Bd7 16. f3 h6 17. Rab1 Bc6 18. d5 exd5 19. Bd4 Nbd7 20. Kd3 O-O-O
21. Rb4 a5 22. Bxf6 Nxf6 0-1

[Event "Challenge"]
[Site "http://www.queenalice.com/game.php?id=450725"]
[Date "2008.8.19"]
[Round "-"]
[White "atobler"]
[Black "Ehhhhhrley"]
[Result "1-0"]
[WhiteElo "1533"]
[BlackElo "1454"]

1. e4 e5 2. Nf3 Nc6 3. Nc3 d6 4. Bb5 a6 5. Bc4 h6 6. O-O Bg4 7. h3 Be6 8. Bxe6
fxe6 9. d4 Qf6 10. dxe5 Nxe5 11. Nxe5 Qxe5 12. Be3 Nf6 13. f4 Qa5 14. f5 Qb4 15.
fxe6 Nxe4 16. Qh5+ Kd8 17. Qf7 Nc5 18. Nd5 Rc8 19. Qxf8+ 1-0

[Event "Let's Play Chess!"]
[Site "http://www.queenalice.com/game.php?id=453842"]
[Date "2008.8.26"]
[Round "-"]
[White "gremista1971"]
[Black "Ehhhhhrley"]
[Result "1-0"]
[WhiteElo "1517"]
[BlackElo "1488"]

1. e4 d5 2. Bd3 e5 3. Nc3 d4 4. Nce2 Nf6 5. h3 Nc6 6. a3 Be6 7. Nf3 h6 8. Bb5
Qd6 9. d3 a6 10. Ba4 Be7 11. Bd2 b5 12. Bb3 a5 13. c3 a4 14. Ba2 Bxa2 15. Rxa2
Qe6 16. Ra1 Bd6 17. Qc2 Qb3 18. Qc1 dxc3 19. Bxc3 Kd7 20. Nd2 Qe6 21. Ng3 g6 22.
Nf3 Bc5 23. Qd2 b4 24. axb4 Bd4 25. b5 Nb8 26. Nxd4 Qd6 27. Nc6 Nxc6 28. bxc6+
Kc8 29. O-O h5 30. b4 Qxc6 31. Bxe5 Re8 32. Bxc7 Qe6 33. Qf4 Re7 34. Rfc1 Kd7
35. b5 Ke8 36. b6 Rc8 37. Rxa4 Nd7 38. b7 Nb6 39. Ra6 Rexc7 40. Rxc7 Rb8 41. Qh6
Qe5 42. Qc1 Rxb7 43. Rc8+ Kd7 44. Qc6+ Ke7 45. Re8# 1-0

[Event "Challenge"]
[Site "http://www.queenalice.com/game.php?id=461369"]
[Date "2008.9.10"]
[Round "-"]
[White "orlando"]
[Black "Ehhhhhrley"]
[Result "0-1"]
[WhiteElo "1375"]
[BlackElo "1428"]

1. g3 Nc6 2. Bg2 d5 3. b3 Bf5 4. d3 e6 5. Nd2 Nf6 6. Bb2 Bd6 7. Ngf3 h6 8. a4
Bc5 9. O-O Qd6 10. a5 a6 11. c4 d4 12. Re1 g5 13. Nb1 Bb4 14. Rf1 Qc5 15. e3
O-O-O 16. exd4 Nxd4 17. Bxd4 Rxd4 18. Nxd4 Qxd4 19. Qf3 Kd7 20. Ra4 Bg4 21. Qxb7
Bd6 22. Qxa6 Be2 23. Qc6+ Ke7 24. Re1 Qxd3 25. a6 Nd7 26. Be4 Ne5 27. Qb7 Nf3+
28. Bxf3 Bxf3 29. Qb5 Qd4 30. c5 Qxc5 31. Qxc5 Bxc5 32. b4 Bd4 33. b5 e5 34. Rc1
Kd6 35. Nd2 g4 36. Nxf3 gxf3 37. Rd1 Kd5 38. Rb4 Kc5 39. Rdb1 Rb8 40. a7 Ra8 41.
b6 cxb6 42. Rxb6 Rxa7 43. Rb7 Ra2 44. Rf1 f6 45. Rc7+ Kd6 46. Rh7 e4 47. Rxh6 e3
48. Rd1 Ke5 49. Rh5+ f5 50. fxe3 Bxe3+ 51. Kf1 Rf2+ 52. Ke1 Rg2 53. Rd5+ Kxd5
54. Rxf5+ Ke4 55. Rf8 Rg1# 0-1

[Event "Challenge"]
[Site "http://www.queenalice.com/game.php?id=463544"]
[Date "2008.9.15"]
[Round "-"]
[White "Muller"]
[Black "Ehhhhhrley"]
[Result "1-0"]
[WhiteElo "1358"]
[BlackElo "1448"]

1. e4 e5 2. Nf3 Nc6 3. d4 Qe7 4. Bc4 Qb4+ 5. Nbd2 f6 6. c3 Qe7 7. Qb3 Nh6 8. Nb1
exd4 9. Bxh6 gxh6 10. O-O dxc3 11. Qxc3 d6 12. Nbd2 a6 13. Nd4 Nxd4 14. Qxd4 Bg7
15. Rad1 f5 16. Qe3 Bxb2 17. Qxh6 Bg7 18. Qh5+ Kd8 19. exf5 Bd7 20. Rde1 Qf6 21.
Bd3 Bh6 22. Nf3 c5 23. Bc4 Kc7 24. Be6 Rad8 25. Rb1 Bxe6 26. fxe6 Qxe6 27. Rfe1
Qf6 28. Qd5 b6 29. Rxb6 Kxb6 30. Rb1+ Ka5 31. Nd2 Bxd2 32. Qxd2+ Ka4 33. Qd1+
Ka5 34. Qd2+ Ka4 35. Qc2+ Ka5 36. Qb3 Qxf2+ 37. Kxf2 Rhf8+ 38. Kg1 Rf4 39. Qa3+
Ra4 40. Qc3+ Rb4 41. a3 Rb8 42. axb4+ Rxb4 43. Rxb4 cxb4 44. Qb3 h5 45. g3 d5
46. Qxd5+ Ka4 47. Qxh5 b3 48. Qd1 Ka3 49. Qa1+ Kb4 50. Qxa6 b2 51. Qg6 Kb3 52.
Qb1 Kc3 53. g4 1-0

[Event "Let's Play Chess!"]
[Site "http://www.queenalice.com/game.php?id=481176"]
[Date "2008.10.22"]
[Round "-"]
[White "Viper3910"]
[Black "Ehhhhhrley"]
[Result "0-1"]
[WhiteElo "1873"]
[BlackElo "1448"]

1. e4 e5 2. Bc4 Nf6 3. d3 Nc6 4. Bg5 h6 5. Bxf6 Qxf6 6. Nf3 Bc5 7. Qe2 d6 8.
Nbd2 Nb4 9. O-O-O a6 10. Bb3 Be6 11. Nc4 b5 12. Na5 Bxb3 13. Nxb3 Nxa2+ 14. Kb1
Nb4 15. Nxc5 dxc5 16. c3 Nc6 17. Kc2 a5 18. b3 Qg6 19. Nh4 Qg5 20. g3 Qf6 21.
Ra1 b4 22. Qe3 Rb8 23. Qxc5 Qd6 24. Qxd6 cxd6 25. Nf5 g6 26. Nxd6+ Ke7 27. Nc4
Ra8 28. Nb6 Rab8 29. Nd5+ Ke6 30. Rhc1 Rhc8 31. Kd2 Ne7 32. Rxa5 Nxd5 33. Rxd5
bxc3+ 34. Kc2 f5 35. Re1 fxe4 36. dxe4 Ra8 37. f4 Ra2+ 38. Kb1 Rca8 39. Rxe5+
Kf6 40. h4 Ra1+ 0-1

[Event "Let's Play Chess!"]
[Site "http://www.queenalice.com/game.php?id=499794"]
[Date "2008.11.29"]
[Round "-"]
[White "Ehhhhhrley"]
[Black "spawnwolfwolverine"]
[Result "1-0"]
[WhiteElo "1422"]
[BlackElo "1677"]

1. e4 e5 2. Nc3 d6 3. Nf3 Bg4 4. h3 Bxf3 5. Qxf3 g6 6. Bc4 Nf6 7. d3 Bg7 8. Bg5
O-O 9. Nd5 Nbd7 10. Bh4 c6 11. Nxf6+ Nxf6 12. Bxf6 Qxf6 13. O-O-O a6 14. Qxf6
Bxf6 15. h4 b5 16. Bb3 c5 17. Bd5 Rab8 18. b3 a5 19. g4 a4 20. bxa4 bxa4 21. a3
Bg7 22. g5 h6 23. Rdf1 Kh7 24. Kd2 f5 25. f3 h5 26. Bc6 fxe4 27. fxe4 Rxf1 28.
Rxf1 Rf8 29. Rxf8 Bxf8 30. c4 Be7 31. Bxa4 Bd8 32. Ke2 Ba5 33. Kf1 Kg7 34. Ke2
Bc3 35. Bc6 Kf7 36. a4 Ke6 37. Be8 Ke7 38. Bxg6 Kf8 39. Bxh5 Kg7 40. Kf3 Ba5 41.
Kg4 Kh7 42. Kf5 Kg7 43. g6 Bd8 44. Ke6 Bxh4 45. a5 Bd8 46. a6 Bb6 47. Kxd6 Kf6
48. Kc6 Ba7 49. Kb7 Kg5 50. g7 Kxh5 51. g8=Q Kh4 52. Kxa7 Kh3 53. Kb6 Kh2 54. a7
Kh3 55. a8=R Kh4 56. Qg6 Kh3 57. Rh8# 1-0

[Event "Estréia"]
[Site "http://www.queenalice.com/game.php?id=537908"]
[Date "2009.2.9"]
[Round "-"]
[White "Ehhhhhrley"]
[Black "MDurgante"]
[Result "1-0"]
[WhiteElo "1472"]
[BlackElo "1500"]

1. e4 Nf6 2. Nc3 d5 3. e5 Ne4 4. Qf3 Nc6 5. Bb5 Qd7 6. Qd3 Nc5 7. Qxd5 e6 8.
Qxd7+ Bxd7 9. Bxc6 Bxc6 10. Nf3 f6 11. O-O Ne4 12. Re1 f5 13. d3 Nc5 14. Nd4 Be7
15. g3 Rf8 16. b4 Nd7 17. Nxe6 Rc8 18. Nxf8 Kxf8 19. e6 Nb6 20. h4 Nd5 21. Nxd5
Bxd5 22. Bf4 c5 23. b5 c4 24. d4 Bf6 25. Bd6+ Be7 26. Bxe7+ Kxe7 27. Re5 Be4 28.
c3 Re8 29. Re1 Kd6 30. e7 Rxe7 31. Rxe7 Kxe7 32. f3 Kd6 33. fxe4 fxe4 34. Rxe4
a6 35. a4 h6 36. Re5 a5 37. h5 b6 38. Kg2 Kd7 39. Kf3 Kd6 40. Ke4 Kd7 41. d5 Kd6
42. Re6+ Kc5 43. Rc6# 1-0

[Event "Desafio"]
[Site "http://www.queenalice.com/game.php?id=538311"]
[Date "2009.2.10"]
[Round "-"]
[White "Ehhhhhrley"]
[Black "h20"]
[Result "1-0"]
[WhiteElo "1490"]
[BlackElo "1476"]

1. e4 Nf6 2. Nc3 d6 3. Bc4 c6 4. Nf3 Bg4 5. h3 b5 6. hxg4 bxc4 7. g5 Nfd7 8. d3
g6 9. dxc4 Nc5 10. b4 Ne6 11. Be3 Bg7 12. Bd4 c5 13. Bxg7 Nxg7 14. Qd5 cxb4 15.
Qxa8 bxc3 16. Rb1 Nd7 17. Qxd8+ Kxd8 18. O-O e5 19. Rb7 Ke7 20. Rfb1 Ke6 21. g4
Rc8 22. Rxa7 Nc5 23. a4 Nxe4 24. Rbb7 Re8 25. a5 Nd2 26. Kg2 e4 27. Nd4+ Ke5 28.
Nc6+ Kf4 29. Rxf7+ Kxg4 30. Rxg7 e3 31. Rae7 Rc8 32. fxe3 Rxc6 33. Rxh7 Nxc4 34.
Re4+ Kf5 35. Rf4+ Ke5 36. Re7+ Kd5 37. Rd4+ Kc5 38. Rd3 d5 39. Rxc3 Kb4 40. Rb3+
Kc5 41. Ra7 d4 42. exd4+ Kxd4 43. c3+ Kd3 44. Rd7+ Rd6 45. Rxd6+ Nxd6 46. a6 Nc8
47. Rb8 Na7 48. Rb7 Nc6 49. a7 Nxa7 50. Rxa7 Kxc3 51. Rd7 Kc4 52. Kf3 Kc5 53.
Ke4 Kc6 54. Rd1 1-0

[Event "Desafio"]
[Site "http://www.queenalice.com/game.php?id=543291"]
[Date "2009.2.20"]
[Round "-"]
[White "Ehhhhhrley"]
[Black "Givanildo"]
[Result "1-0"]
[WhiteElo "1455"]
[BlackElo "1445"]

1. e4 e5 2. Nf3 Bc5 3. d3 g5 4. Nxg5 Qf6 5. Qf3 Qh6 6. Qxf7+ Kd8 7. Ne6+ dxe6 8.
Bxh6 Nxh6 9. Qf6+ Kd7 10. Qxh8 Ng4 11. Qg7+ Kc6 12. Qxg4 Na6 13. Qg8 Nb4 14. Na3
Na6 15. g3 Kb6 16. Bh3 Nb4 17. Bxe6 Bd4 18. c3 Nxd3+ 19. Kf1 Bxf2 20. Ke2 Nc5
21. Qe8 Nxe6 22. Qb5# 1-0

[Event "AUTO-OPEN-1457"]
[Site "http://www.queenalice.com/game.php?id=547305"]
[Date "2009.2.27"]
[Round "1"]
[White "Ehhhhhrley"]
[Black "Mazz"]
[Result "0-1"]
[WhiteElo "1474"]
[BlackElo "1850"]

1. e4 c5 2. Bc4 Nc6 3. Qh5 e6 4. Nf3 Nf6 5. Qh4 d5 6. exd5 exd5 7. Bb5 Qe7+ 8.
Be2 Bg4 9. h3 Bxf3 10. gxf3 Nd4 11. O-O Qxe2 12. Nc3 Nxf3+ 13. Kg2 Nxh4+ 14. Kh2
Qxf1 0-1

[Event "AUTO-OPEN-1457"]
[Site "http://www.queenalice.com/game.php?id=547306"]
[Date "2009.2.27"]
[Round "1"]
[White "Mazz"]
[Black "Ehhhhhrley"]
[Result "1-0"]
[WhiteElo "1853"]
[BlackElo "1472"]

1. d4 d5 2. c4 dxc4 3. e4 b5 4. a4 Bd7 5. axb5 Bxb5 6. Bxc4 c6 7. Bxb5 cxb5 8.
Nc3 a6 9. Nxb5 e6 10. Bf4 Kd7 11. d5 Qb6 12. dxe6+ Kxe6 13. Nc7+ Kf6 14. Nd5+
Kg6 15. Qg4# 1-0

[Event "AUTO-OPEN-1457"]
[Site "http://www.queenalice.com/game.php?id=547307"]
[Date "2009.2.27"]
[Round "1"]
[White "Ehhhhhrley"]
[Black "aragats"]
[Result "0-1"]
[WhiteElo "1505"]
[BlackElo "1856"]

1. e4 e5 2. Nf3 Nf6 3. Nc3 Nc6 4. Bc4 Bc5 5. h3 O-O 6. Ng5 d6 7. d3 h6 8. h4
hxg5 9. Bxg5 Bg4 10. f3 Be6 11. Bxe6 fxe6 12. h5 Qe8 13. h6 gxh6 14. Rxh6 Nh7
15. Qd2 d5 16. Nb5 Bb6 17. O-O-O a6 18. Nc3 Rf7 19. Rg6+ Rg7 20. Rxg7+ Kxg7 21.
Bh6+ Kh8 22. g4 Qf7 23. Rf1 Ne7 24. Qh2 Ng8 25. g5 Nxh6 26. Qxe5+ Qg7 27. Qxg7+
Kxg7 28. gxh6+ Kxh6 0-1

[Event "AUTO-OPEN-1457"]
[Site "http://www.queenalice.com/game.php?id=547308"]
[Date "2009.2.27"]
[Round "1"]
[White "aragats"]
[Black "Ehhhhhrley"]
[Result "1-0"]
[WhiteElo "1858"]
[BlackElo "1503"]

1. f4 d6 2. Nf3 h6 3. e3 Bf5 4. Nc3 Nc6 5. Bb5 a6 6. Ba4 b5 7. Bb3 e6 8. O-O Nf6
9. d3 Be7 10. e4 Bg4 11. h3 Bxf3 12. Rxf3 Nd4 13. Rg3 g6 14. Be3 c5 15. Bxd4
cxd4 16. Ne2 Qb6 17. Qe1 Nxe4 18. Rf3 Nc5 19. Qb4 Bf6 20. Nxd4 a5 21. Qxb5+ Qxb5
22. Nxb5 Kd7 23. c3 Rhb8 24. c4 a4 25. Bc2 Bxb2 26. Rb1 a3 27. d4 Na6 28. Kh2
Nb4 29. Bb3 1-0

[Event "AUTO-OPEN-1457"]
[Site "http://www.queenalice.com/game.php?id=547309"]
[Date "2009.2.27"]
[Round "1"]
[White "Ehhhhhrley"]
[Black "leafar"]
[Result "1-0"]
[WhiteElo "1501"]
[BlackElo "1503"]

1. e4 e5 2. Nf3 d6 3. Nc3 Nf6 4. Bc4 Be7 5. Ng5 O-O 6. h3 c5 7. d3 Nc6 8. a3 Nd4
9. Be3 a6 10. g4 b5 11. Bd5 Nxd5 12. Nxd5 Bxg5 13. c3 Bxe3 14. fxe3 Qh4+ 15. Kd2
Qf2+ 16. Kc1 Ne2+ 17. Kb1 a5 18. Rf1 Qg2 19. Ne7+ Kh8 20. Re1 Ng3 21. Rg1 Qxh3
22. Qf3 1-0

[Event "AUTO-OPEN-1457"]
[Site "http://www.queenalice.com/game.php?id=547310"]
[Date "2009.2.27"]
[Round "1"]
[White "leafar"]
[Black "Ehhhhhrley"]
[Result "0-1"]
[WhiteElo "1487"]
[BlackElo "1517"]

1. e4 e5 2. d3 Nc6 3. Nf3 Bc5 4. Be2 Nf6 5. O-O h6 6. c4 d6 7. Nc3 Bd4 8. Nxd4
Nxd4 9. Nd5 c6 10. Nxf6+ Qxf6 11. a4 Qg6 12. Be3 Nxe2+ 13. Qxe2 Bh3 14. f3 O-O
15. Rf2 Be6 16. Raf1 f5 17. b4 f4 18. Bd2 b6 19. Bc3 Qf6 20. b5 c5 21. a5 bxa5
0-1

[Event "Entre Amigos"]
[Site "http://www.queenalice.com/game.php?id=615678"]
[Date "2009.7.9"]
[Round "-"]
[White "Ehhhhhrley"]
[Black "MDurgante"]
[Result "0-1"]
[WhiteElo "1517"]
[BlackElo "1700"]

1. e4 Nf6 2. Nc3 e6 3. Nf3 d5 4. e5 Ne4 5. d3 Nxc3 6. Qd2 Nb5 7. a4 Nd4 8. Nxd4
c5 9. Nf3 Be7 10. h4 Nc6 11. b3 Nd4 12. Nxd4 cxd4 13. Qf4 Bb4+ 14. Kd1 Bc3 15.
Rb1 b6 16. Bb2 f6 17. exf6 gxf6 18. Bxc3 dxc3 19. Qd4 Qc7 20. Qxf6 Rf8 21. Qd4
e5 22. Qxd5 Bb7 23. Qe6+ Kd8 24. f3 e4 25. Qc4 exf3 26. Qxc7+ Kxc7 27. d4 fxg2
28. Bxg2 Bxg2 29. Re1 Rad8 30. Re7+ Kb8 31. Ke2 Rxd4 32. Ke3 Rd2 33. Rg1 Rf3+
34. Ke4 Rf7+ 35. Rxg2 Rxe7+ 36. Kf3 Rf7+ 37. Ke3 Rxg2 38. Ke4 Rg3 0-1

[Event "Continuação"]
[Site "http://www.queenalice.com/game.php?id=639767"]
[Date "2009.8.21"]
[Round "-"]
[White "MDurgante"]
[Black "Ehhhhhrley"]
[Result "0-1"]
[WhiteElo "1710"]
[BlackElo "1519"]

1. e3 d5 2. Nc3 Nf6 3. Nf3 Nc6 4. d4 Bf5 5. Bb5 e6 6. Ne5 Qd6 7. O-O a6 8. Ba4
b5 9. Bxb5 axb5 10. Nxb5 Qd8 11. g4 Nxg4 12. Nxg4 Na7 13. Qe2 c6 14. Nc3 h5 15.
Ne5 f6 16. Nd3 g6 17. Nf4 h4 18. e4 dxe4 19. Qe3 g5 20. Nfe2 h3 21. f3 exf3 22.
Rxf3 g4 23. Rxf5 Kf7 24. Rf4 Bh6 25. Qg3 Bxf4 26. Bxf4 f5 27. Rd1 Rh5 28. Qe3
Nc8 29. Ng3 Rh7 30. Bg5 Qd6 31. Qe5 Qxe5 32. dxe5 Kg6 33. Bf6 f4 34. Nge4 f3 35.
Rd8 Kf5 36. Nd6+ Kf4 37. Nxc8 Rc7 38. Nb6 Rxd8 39. Bxd8 Ra7 40. Bf6 Rb7 41. Nba4
Rb4 42. a3 Rd4 43. Nc5 Rd2 44. Nxe6+ Kf5 45. Nd4+ Kg6 46. e6 f2+ 47. Kf1 g3 48.
hxg3 h2 49. Nde2 h1=Q+ 50. Kxf2 Kxf6 51. Ke3 Rd8 52. Nf4 Ke7 53. b4 Qe1+ 54. Kf3
Qxc3+ 55. Kg4 Rg8+ 56. Kf5 Qxc2+ 57. Ke5 Rg5+ 58. Kd4 Qf2+ 59. Kc4 Qxg3 60. Nd3
Kxe6 61. a4 Qg4+ 62. Kc3 Kd5 0-1

[Event "Grand Slam"]
[Site "http://www.queenalice.com/game.php?id=649957"]
[Date "2009.9.9"]
[Round "-"]
[White "Ehhhhhrley"]
[Black "fkr"]
[Result "0-1"]
[WhiteElo "1519"]
[BlackElo "1808"]

1. e4 e5 2. Nf3 Nc6 3. Bb5 d6 4. Bxc6+ bxc6 5. Nc3 Bg4 6. h3 Bh5 7. d3 d5 8.
exd5 cxd5 9. g4 Bg6 10. Nxe5 Bc5 11. d4 Bb4 12. Nxg6 fxg6 13. Qe2+ Qe7 14. Qxe7+
Nxe7 15. Bd2 O-O 16. a3 Ba5 17. Rh2 Rfe8 18. O-O-O c6 19. b4 Bc7 20. Rhh1 h6 21.
Rhe1 a5 22. b5 Bd6 23. a4 Ba3+ 24. Kb1 Bb4 25. Kb2 cxb5 26. Nxb5 Bxd2 27. Rxd2
Nc6 28. Rxe8+ Rxe8 29. Nc3 Rb8+ 30. Nb5 Nb4 31. c3 Nc6 32. Re2 Kf7 33. Ka3 g5
34. f3 Ne7 35. Re5 Rd8 36. Kb2 Ng6 37. Rf5+ Kg8 38. Nc7 Nf4 39. Kc2 Rd7 40. Nb5
Nxh3 41. c4 dxc4 42. Kc3 Rf7 43. Rxf7 Kxf7 44. Nd6+ Kg6 45. Nxc4 Nf4 46. Nxa5 h5
47. Nc6 h4 48. Ne7+ Kf6 49. Nf5 h3 50. Ng3 h2 51. Kc4 Ne2 52. Nh1 g6 53. a5 Nf4
54. d5 Ke5 55. a6 Nxd5 56. Kd3 Nc7 57. Ke3 Nxa6 58. Kf2 Nc5 59. Kg3 Nd3 60. Kxh2
Kf4 61. Kg2 Ne1+ 62. Kf2 Nxf3 63. Ke2 Kxg4 64. Nf2+ Kf4 65. Nh3+ Kg4 66. Nf2+
Kf4 67. Nh3+ Kg3 68. Nf2 g4 69. Ne4+ Kh2 70. Kf2 Ne5 71. Ng3 Nd3+ 72. Ke3 Kxg3
0-1